| 000 | 00616 a2200169 4500 | ||
|---|---|---|---|
| 020 | _a080582572X | ||
| 020 | _a9780805825725 | ||
| 082 | 0 | 4 | _a300.15195 |
| 090 |
_c719 _d719 |
||
| 100 | 1 | _aMarcoulides, George A. | |
| 245 | 1 | 0 |
_aMultivariate statistical methods : _ba first course / _cGeorge A. Marcoulides, Scott L. Hershberger. |
| 260 |
_a[S.l.] : _bPsychology Press, _c1997. |
||
| 300 |
_a336 p. ; _c24 cm. |
||
| 700 | 1 | _aHershberger, Scott L. | |
| 942 |
_aSNS _cBK _k300.15195 MAR |
||
| 999 |
_c29348 _d29348 |
||